000 00527nam a2200217Ia 4500
003 OSt
005 20220924134518.0
006 a|||||r|||| 00| 0
007 ta
008 220923b |||||||| |||| 00| 0 snd d
024 _a275043
037 _cTextual
040 _aARTS
_cARTS
_bsnd
041 _2snd
_asnd
082 _aY1:351, 1593J1
100 _aBaloch N B
_9208574
245 0 _aBelavan-ja-bol
260 _c1951
942 _hY1:351, 1593J1
_cTEXL
_2CC
999 _c437537
_d437537